000 01304nam a2200325 c 4500
003 BLK
005 20180420215104.0
008 180413b bul|||||r ||||||| ||bul||
010 _aKNG00017557000
020 _a954-430-441-Х
_bиздат.: Акад. изд. Проф. Марин Дринов - на том(т. 2)
040 _aBLK
041 _aBUL
_cBUL
080 _aИстория на театъра. Периоди и стилове
_b792.03
_x(497.2)
_z792.03(497.2)
139 _aИстория на българския театър
_bИ 95
245 1 0 _aИстория на българския театър
_bТ. 1 -
_nТ. 2
_pОт Освобождението до 1904 г.
257 _aBGR
260 София
_c1997 -
300 _c24 см
380 _a7
650 4 _aТеатър - България - история
_9260534
651 4 _aБългария
_9241624
653 _aбългарски театър
653 _aистория
760 1 _3- на том(т. 2)
_dАкад. изд. Проф. Марин Дринов, 1997
_h187 с.
_tТ. 2 От Освобождението до 1904 г.
852 _aЦб 192326
856 4 _qpdf
_u
856 4 _qpdf
_u
942 _cKNG
_n0
944 _aCR
_c15.01.2003
_lф /
_kAB_DOS
944 _aED
_c05.04.2016
_lф /
_kЛюдмила_Стоянова
999 _c15754
_d15754